000 01174nam a22002297a 4500
005 20110614160533.0
008 110614t xxu||||| |||| 00| 0 mar d
010 _aMAR-20929
020 _c160.00
_a81903719
035 _aMR-13587
037 _bDBAD / PUB
040 _aDPL
_bMR
082 _a891.4608
100 _aजोशी श्रीपाद भालचंद्र
_928598
245 _aहस्तक्षेप /
_cश्रीपाद भालचंद्र जोशी
246 _aHastakshep
_bby Shripad Bhalchandra Joshi
260 _aनागपूर
_bआकांक्षा प्रकाशन व पुस्कालय
_c2010
270 _a265,मिलेनियम ब्लिंडिग वेस्ट हायकोर्ट रोड बजाज नगर
_bनागपूर
_e440010
300 _a140पृ.
_c21सेमी(अजिल्द)
942 _2ddc
_cMR
_h891.4608
_mजोशीश्री
999 _c52889
_d52889